FNAF Toy Bonnie Quiz - Statistics

General Stats
  • This quiz has been taken 7 times
  • The average score is 9 of 15
Answer Stats
Question Answer % Correct
Eye Color 2 Blue
100%
Did they appear in Help Wanted 2 No
100%
Was Electrobab in Bendy and the Ink Machine No/Not Yet
100%
Eye Color Yellow
100%
do you like Electrobab yes
100%
Who is Electrobab Electrobab
67%
who Electrobab
67%
when 14 December 2023
33%
Can Electrobab do the thing Emperor Palpatine does with the force lightning dew it
33%
Where was Electrobab in 1957 Did Not Exist Yet
33%
Who was Electrobab 2 Electrobab 3
33%
First Appearance Five Nights at Freddy's: Sister Location: Custom Night
33%
Among Us` Impostrobab
33%
im sorry im sorry
33%
why Pomni and Jax Bab
33%
No matching quizzes found
Score Distribution
Percent of People with Each Score
Percentile by Number Answered
Your Score History
You have not taken this quiz